000 01511nam a2200337 c 4500
003 BLK
005 20250604153245.0
008 180408b bul|||||r ||||||| ||bul||
010 _aKNG00065533000
040 _aBLK
041 _aBUL
_cBUL
080 _aХимия. Кристалография. Минералогия. Вж и 577.1; 66; 612.015; 631.41
_b54
_x(100)(092)
_z54(100)(092)
080 _aБиографии
_b929
_x(100)
_z929(100)
100 _aМанолов, Калоян Русев
_d1930 -
_gХимик.
_9271918
139 _aМанолов, Калоян Русев
_bМ 27
245 1 0 _aВелики химици
_bРазкази : В 4 т.
_cКалоян Русев Манолов.
_nТ. 1
257 _aBGR
260 София
_bНар. просв.
_c1969 -
300 _c22 см
380 _a5
650 4 _aХимици - биографии
_9290402
653 _aхимици
653 _aбиографии
760 1 _aМанолов, Калоян Русев
_d1969
_h320 с. : с портр., ил.
_nБиогр. очерци за Й.Р. Глаубер, Р. Бойл, М.В. Ломоносов, Д. Пристли, К. В. Шееле и др. - Авт. не е даден на кор. - Рез. на рус., англ. и нем. ез.
_tТ. 1
852 _aЦб 48979
856 4 _qpdf
_u
856 4 _qpdf
_u
942 _cKNG
_n0
944 _aCR
_c13.06.2004
_k30560
_lГеновева Генчева
944 _aED
_c30.08.2017
_kКина_Георгиева
999 _c61332
_d61332